énigme One piece "numéro 1" - Statistiques

Statistiques générales
  • Ce quiz a été pris 135 fois
  • Le résultat moyen est 22 sur 30
Statistiques - réponses
Question Personnage % Correct
1 : Je suis le 5eme membre de l'équipage du chapeau de paille. Sanji
98%
18 : L'homme le plus fort du monde. Barbe blanche
93%
10 : J'ai été entraîné par "2" Luffy
93%
29 : Roi des pirates. Roger
93%
21 : Second de "18". Ace
89%
25 : Grand père de "10". Garp
88%
2 : Second de l'équipage de "29". Rayleigh
88%
26 : Capitaine des rocks Xebec
84%
7 : A tuer "21" Akainu
83%
3 : Mon pouvoir crée des barrières. Bartolomeo
82%
6 : Gardien de prison. Magellan
82%
11 : Dieu d'une ile céleste. Ener
81%
5 : a été dans l'équipage de "18" et "29". Oden
80%
23 : Mère de "24". Big mom
79%
19 : J'ai combattu et vaincu "22". Zoro
79%
28 : Cutty Flam. Franky
77%
4 : J'ai amélioré le corps de "16". Vegapunk
77%
20 : Je suis le je suis le frère de "21" et "10". Sabo
76%
15 : Ex-Amiral Commandant en Chef de la Marine. Sengoku
76%
27 : J'ai sauver "10" de la noyade. Shanks
76%
16 : Je suis le père de "14". Kuma
73%
13 : a affronté "10" a Enies Lobby. Lucci
71%
14 : Je suis la fille de "16". Bonney
68%
17 : A fait partie de l'équipage de "18" "23" "26". Kaido
68%
12 : Fils de "5". Momonosuke
66%
22 : Je suis le 1er détenteur du shisui. Ryuma
64%
24 : A affronté une forme Serpent. Katakuri
53%
8 : Second de "27". Ben Beckmann
50%
30 : Père de "1". Judge Vinsmoke
29%
9 : Je suis venue chercher "1" pour le ramener de force chez lui. Capone Bege
23%
Aucun quiz correspondant
Distribution des résultats
% des personnes avec chaque résultat
Percentile par nombre de réponses
Votre historique - résultats
Vous n’avez pas pris ce quiz